000 00520nam a2200181Ia 4500
008 240925s9999 xx 000 0 und d
020 _a9788131716755
082 _a629.895 MAZ
100 _aMazidi, Muhammad Ali
245 0 _aPIC Microcontroller and Embedded systems: using assembly and c for PIC18
250 _aNA
260 _aNew Delhi:
_bPearson Education
_c,2008.
300 _axiv,775p.
_b1
_fPirated
500 _aIncludes Index
600 _aElectronic Engineering
650 _aTechnology
942 _cBK
999 _c12305
_d12305